000 05385cam a22003978i 4500
001 21481031
005 20230717114834.0
006 m |o d |
007 cr |||||||||||
008 200313s2020 onc ob 001 0 eng
010 _a 2019056256
020 _a9780429286759
020 _z9781771888226
040 _aDLC
_beng
_cDLC
_erda
042 _apcc
050 0 0 _aS 494.5 .R35 2020
082 0 0 _a634.9028/6
_223
245 0 0 _aClimate change and agroforestry systems :
_badaptation and mitigation strategies /
_cedited by Abhishek Raj, Manoj Kumar Jhariya, Dhiraj Kumar Yadav, Arnab Banerjee.
263 _a2003
300 _a1 online resource
504 _aIncludes bibliographical references and index.
505 0 _aImpact of climate change on agroecosystems and its mitigation strategies / Abhishek Raj, M.K. Jhariya, D.K. Yadav, and A. Banerjee -- Agroforestry for climate change mitigation, natural resource management, and livelihood security / Abhishek Raj, M.K. Jhariya, D.K. Yadav, A. Banerjee, and P. Toppo -- Potential of agroforestry and environmental greening for climate change minimization / A.O. Akanwa, H.C. Mba, E.B. Ogbuene, M.U. Nwachukwu, and C.C. Anukwonke -- Mitigation of climate change through carbon sequestration in agricultural soils / Zia Ur Rahman Farooqi, Muhammad Sabir, M. Zia-ur-Rehman, and Muhammad Mahroz Hussain -- Agroforestry : soil organic carbon and its carbon sequestration potential / Nongmaithem Raju Singh, Dhiraj Kumar, K.K. Rao, and B.P. Bhatt -- Climate change, soil health, and food security : a critical nexus / Abhishek Raj, M.K. Jhariya, D.K. Yadav, A. Banerjee, and P.R. Oraon -- Linking social dimensions in climate change : transforming vulnerable smallholder producers for empowering and resiliency / Sumit Chakravarty, Anju Puri, K. Abha Manohar, Prakash Rai, Ubalt Lepcha, Vineeta, Nazir A. Pala, and Gopal Shukla -- Invasion of major fungal diseases in crop plants and forest trees due to recent climatic fluctuations / Narendra Kumar and S.M. Paul Khurana -- Utilization of boiling water of rice : a case study of sustainable water management at laboratory scale, Ambikapur, Surguja, Chhattisgarh, India / Vijay Rajwade, A. Banerjee, M.M. Ranga, M.K. Jhariya, D.K. Yadav, and Abhishek Raj -- Importance of forests and agriculture in global climate change / Vishnu K. Solanki, Vinita Parte, and Vinita Bisht -- Solid waste management scenario in Ambikapur, Surguja, Chhattisgarh : a sustainable approach / Keerti Mishra, A. Banerjee, M.M. Ranga, M.K. Jhariya, D.K. Yadav, and Abhishek Raj -- Environmental education : an informal approach through seminar talk along with a documentary film / Buddhadev Mukhopadhyay and Jayanta Kumar Datta.
520 _a"This volume, Climate Change and Agroforestry System: Adaptation and Mitigation Strategies, addresses the burning issues of the impact of climate change, the alteration of environmental quality, and subsequent mitigation and adaptation strategies through various agroecosystem practices, primarily in agroforestry. It provides new insights in the field of role of agroecosystems toward combating the negative impact of climate change as well as maintaining the sustainability of ecosystem. The book discusses in depth the impact of climate change on forests and other agroecosystems. It presents new research on mitigation strategies, looking at carbon sequestration in agricultural soils, environmental greening, natural resource management, and livelihood security. It provides a thorough analysis of the potential of various modern, improved, and scientific farming practices, such as climate-smart agriculture and agroforestry systems for climate change mitigation and adaptation. The book also examines the invasion of major fungal diseases in forests and agricultural crops due to climatic fluctuations and goes on to look at water and waste management practices. The updated information and recent developments found in this volume will be valuable for researchers, policymakers, faculty, and students in the field of forestry, agroforestry, environment, ecology, and natural resources. Key features: Presents various eco-friendly approaches under different agroecosystems Discussess the adoption of climate-resilient agricultural practices Looks at some newer technologies and techniques in the field of agroecosystem management Considers the interlinkage between climate change and socioeconomic dimensions, including economic security Offers recommendations and suggestions to create harmony between agroecosystems and climate change Suggests an environmental education framework for policy formulation"--
650 0 _aAgroforestry
_xEnvironmental aspects.
650 0 _aSustainable forestry.
650 0 _aSoils
_xEnvironmental aspects.
650 0 _aClimatic changes
_xEconomic aspects.
700 1 _aRaj, Abhishek,
_eeditor.
700 1 _aJhariya, Manoj Kumar,
_eeditor.
700 1 _aYadav, Dhiraj Kumar,
_eeditor.
700 1 _aBanerjee, Arnab
_c(Professor of environmental science),
_eeditor.
776 0 8 _iPrint version:
_tClimate change and agroforestry systems
_dBurlington ON ; Palm Bay, Florida : Apple Academic Press, [2020]
_z9781771888226
_w(DLC) 2019056255
906 _a7
_bcbc
_corignew
_d1
_eecip
_f20
_gy-gencatlg
942 _2lcc
_cBOOKS
_hS 494.5 .R35 2020
999 _c31686
_d31686